000
00279 a2200145 4500
001
165681
020
_a
040
_c
Magnum
100
_a
Ferres, Joan
240
1
0
_a
Video e educacao
_l
por
245
1
0
_a
Video e educacao
362
0
_a
1899
697
_a
GERAL
942
_c
BK
999
_c
165681
_d
165681